Statistics for Fifty States in Two Minutes

Click here to take the quiz!

General Stats

  • This quiz has been taken 11,146 times
  • The average score is 34 of 50

Answer Stats

Answer% Correct
California
91%
Alabama
88%
Alaska
84%
Florida
83%
New York
82%
Arizona
81%
Arkansas
77%
Georgia
76%
Hawaii
76%
Maine
76%
Colorado
75%
Idaho
74%
North Dakota
74%
Texas
73%
Washington
73%
North Carolina
72%
Kansas
71%
South Dakota
71%
New Mexico
70%
Illinois
68%
Iowa
68%
New Jersey
68%
Ohio
68%
Oregon
68%
South Carolina
68%
Delaware
67%
Michigan
67%
Nevada
67%
Indiana
66%
Montana
66%
New Hampshire
66%
Kentucky
65%
Mississippi
64%
Maryland
63%
Virginia
63%
Louisiana
62%
Connecticut
61%
Utah
61%
Minnesota
59%
Nebraska
59%
Vermont
59%
Missouri
58%
West Virginia
58%
Wyoming
58%
Massachusetts
55%
Oklahoma
55%
Rhode Island
55%
Wisconsin
53%
Pennsylvania
52%
Tennessee
52%

Score Distribution

Percentile by Number Answered

Percent of People with Each Score

Your Score History

You have not taken this quiz